000 00952nam0a22002651 4500
001 rc\173787
005 20030307113226.0
010 _a5-230-07854-5
_9250
035 _a(NLR Aleph) 005435497
090 _a4701707
_c4701707
100 _a20030307d1991 u |0rusy50 ca
101 0 _arus
102 _aRU
105 _aa |||||||||
200 1 _aОхрана и рациональное использование природных ресурсов Верхневолжья
_eСб. науч. тр.
_fТвер. гос. ун-т
_g[Редкол.: А.Г. Емельянов (отв. ред.) и др.]
210 _aТверь
_cТГУ
_d1991
215 _a99, [2] с.
_cил.
_d20
320 _aБиблиогр. в конце ст.
702 1 _aЕмельянов
_bА. Г.
_4340
712 0 2 _aТверской ун-т
_3RU\NLR\AUTH\881533
801 0 _aRU
_bNLR
_gpsbo
801 1 _aRU
_bELAR
_2rusmarc
852 _aNLR
_j92-3/615
942 _cBOOK
980 _aNB